000 00625nam a2200241Ia 4500
003 OSt
005 20220918174436.0
006 a|||||r|||| 00| 0
007 ta
008 220917b |||||||| |||| 00| 0 eng d
024 _a12,188
037 _cTextual
040 _aARTS
_cARTS
_beng
041 _2eng
_aeng
082 _a/\2:8692, L7
100 _aBijalwan C D
_925364
245 0 _aHindu Omens
260 _aNew Delhi
_bArnold Heinemann
_c1977
300 _a176p. illus Bibliography
_ccm.
650 _aSPIRITUALISM
942 _h/\2:8692, L7
_cTEXL
_2CC
999 _c153222
_d153222